Statistiche per Nomi dei calciatori - Quiz n°2

Clicka qui per fare il quiz!

Statistiche generali

  • Questo quiz è stato fatto 88 volte
  • Il punteggio medio è 8 su 10

Statistiche sulle risposte

HintRisposta% Corretto
MatriAlessandro
89%
MilitãoÉder
86%
van PersieRobin
86%
YoungAshley
82%
SamarasGiōrgos
76%
MandragoraRolando
76%
ReeceJames
75%
IturbeJuan
72%
MorenoAlberto
67%
MusleraFernando
64%

Distribuzione punteggi

Percentile per numero di risposta

Percentuale di utenti per punteggio

I tuoi punteggi nel tempo

Non hai fatto questo quiz